Apple is my sign /

A 10-year-old boy returns to his parents' apple farm for the holidays after his first term at a school for the deaf in Philadelphia.

Bibliographic Details
Main Author: Riskind, Mary
Format: Book
Language:English
Published: Boston : Houghton Mifflin, 1981.
Subjects:

MARC

Tag First Indicator Second Indicator Subfields
LEADER 00000pam a2200000 a 4500
001 in00000048926
005 20151007075744.0
008 801118s1981 mau j 00011 engm
010 |a  80039746  
020 |a 0395308526 
035 |a (OCoLC)07170957 
035 |9 AAF3759AM 
040 |a DLC  |c DLC  |d m.c.  |d TXA  |d UtOrBLW 
049 |a [Curr Col] TXAM  |c [388396] 
050 0 0 |a PZ7 R493  |b  Ap 
082 0 |a [Fic]  |2 19 
100 1 |a Riskind, Mary. 
245 1 0 |a Apple is my sign /  |c by Mary Riskind. 
264 1 |a Boston :  |b Houghton Mifflin,  |c 1981. 
300 |a xii, 146 pages ;  |c 22 cm. 
336 |a text  |b txt  |2 rdacontent 
337 |a unmediated  |b n  |2 rdamedia 
338 |a volume  |b nc  |2 rdacarrier 
520 |a A 10-year-old boy returns to his parents' apple farm for the holidays after his first term at a school for the deaf in Philadelphia. 
650 1 |a Deaf  |x Fiction. 
650 1 |a People with social disabilities  |v Fiction. 
999 |a MARS 
999 f f |s 3b524943-b448-364f-b4f4-33f3dc8a6f28  |i 8d88016a-3859-311f-9a00-9a1de174e016  |t 0 
952 f f |p normal  |a Texas A&M University  |b College Station  |c Sterling C. Evans Library  |d Evans: Curriculum Collection (4th floor)  |t 0  |e PZ7 R493 Ap  |h Library of Congress classification  |i unmediated -- volume  |m A14822239444 
998 f f |a PZ7 R493 Ap  |t 0  |l Evans: Curriculum Collection (4th floor)